Ten smallest countries by KM squared (Sprint) - Statistics

General Stats
  • This quiz has been taken 18 times
  • The average score is 7 of 10
Answer Stats
Hint Answer % Correct
0.44 Vatican City
100%
21 Nauru
94%
61 San Marino
94%
160 Liechtenstein
88%
2.02 Monaco
88%
261 Saint Kitts and Nevis
56%
26 Tuvalu
56%
316 Malta
44%
181 Marshall Islands
44%
298 Maldives
38%
No matching quizzes found
Score Distribution
Percent of People with Each Score
Percentile by Number Answered
Your Score History
You have not taken this quiz